Devinettes en Mandarin - Statistiques

Statistiques générales
  • Ce quiz a été pris 39 fois
  • Le résultat moyen est 4 sur 15
Statistiques - réponses
Indice Réponse en Mandarin % Correct
Moi + eux wo men
96%
Fruit qu'incarne cette dernière ping guo
75%
L'opposé de grande soeur di di
43%
Couleur principale du drapeau de son voisin du sud hong
43%
Pays le plus peuplé d'Europe Occidentale de guo
36%
Ce grâce à quoi la marque Apple est devenue connue shou ji
29%
Transport le plus rapide pour relier CDG à PVG fei ji
25%
Matière aux théorèmes shu xue
11%
Action d'environ 2h, au cinéma kan dian ying
4%
Moment de la journée où l'est s'illumine shang wu
4%
Moment préféré de beaucoup, généralement l'été jia qi
0%
Continent aux multiples répressions politiques au XXe siècle nan mei zhou
0%
On le fait de nos 10 doigts sur 81 touches tan gang qin
0%
Nourriture phare du voisin du sud de cette dernière yi mian
0%
Employé à la Caisse d'Epargne yin hang jia
0%
Aucun quiz correspondant
Distribution des résultats
% des personnes avec chaque résultat
Percentile par nombre de réponses
Votre historique - résultats
Vous n’avez pas pris ce quiz